000 00421nam a2200133Ia 4500
008 220217s9999 xx 000 0 und d
245 0 _aRubber Flooring materials for general purposes- Specification (First Revision)
260 _aNew Delhi
260 _c1992
_bBIS
490 _aFlooring, wall Finishing& Roofing Sec Com, CED 5
500 _aStandard number: IS 809
650 _aRubber flooring materials
942 _cST
999 _c73948
_d73948